Oscar Winning Directors - Sudden Death - Statistics

General Stats
  • This quiz has been taken 638 times
  • The average score is 9 of 24
Answers on the Grid
Answers color-coded by a green-red scale on the quiz's grid according to % correct below.
Alfred Hitchcock
Ang Lee
Bernardo Bertolucci
Billy Wilder
Cecil B. DeMille
Christopher Nolan
Clint Eastwood
David Fincher
David Lean
David Lynch
Denis Villeneuve
Francis Ford Coppola
Frank Capra
George Lucas
Guillermo del Toro
Gus Van Sant
James Cameron
Jane Campion
John Ford
Joseph L. Mankiewicz
Kathryn Bigelow
M. Night Shyamalan
Martin Scorsese
Mel Gibson
Milos Forman
Oliver Stone
Paul Greengrass
Paul Thomas Anderson
Peter Jackson
Quentin Tarantino
Ridley Scott
Robert Zemeckis
Ron Howard
Sidney Lumet
Spike Lee
Stanley Kubrick
Steven Spielberg
Wes Anderson
William Friedkin
William Wyler
 
Answer Stats
Answer % Correct
Brokeback Mountain (2006)
Life of Pi (2013)
Ang Lee
63%
Unforgiven (1993)
Million Dollar Baby (2005)
Clint Eastwood
61%
Oppenheimer (2024) Christopher Nolan
58%
The Godfather Part II (1975) Francis Ford Coppola
54%
The Departed (2007) Martin Scorsese
45%
Schindler's List (1994)
Saving Private Ryan (1999)
Steven Spielberg
45%
The Lost Weekend (1946)
The Apartment (1961)
Billy Wilder
43%
The Shape of Water (2018) Guillermo del Toro
41%
Titanic (1998) James Cameron
39%
The Hurt Locker (2010) Kathryn Bigelow
38%
The Last Emperor (1988) Bernardo Bertolucci
36%
The Bridge on the River Kwai (1958)
Lawrence of Arabia (1963)
David Lean
36%
The Lord of the Rings: Return of the King (2004) Peter Jackson
36%
It Happened One Night (1935)
Mr. Deeds Goes to Town (1937)
You Can't Take It with You (1939)
Frank Capra
32%
The Power of the Dog (2022) Jane Campion
31%
A Beautiful Mind (2002) Ron Howard
31%
One Flew Over the Cuckoo's Nest (1976)
Amadeus (1985)
Milos Forman
30%
Braveheart (1996) Mel Gibson
29%
The Informer (1936)
The Grapes of Wrath (1941)
How Green Was My Valley (1942)
The Quiet Man (1953)
John Ford
28%
Platoon (1987)
Born on the Fourth of July (1990)
Oliver Stone
28%
Forrest Gump (1995) Robert Zemeckis
28%
Mrs. Miniver (1943)
The Best Years of Our Lives (1947)
Ben-Hur (1960)
William Wyler
24%
A Letter to Three Wives (1950)
All About Eve (1951)
Joseph L. Mankiewicz
22%
The French Connection (1972) William Friedkin
21%
No matching quizzes found
Score Distribution
Percent of People with Each Score
Percentile by Number Answered
Your Score History
You have not taken this quiz